Cybernetic circulation complex : big tech and planetary crisis /

Cybernetic Circulation Complex offers a roadmap for a new form of life, biocommunism, a digital degrowth that can help us steer between the double boundaries of ecological sustainability and equitable social development.

Bibliographic Details
Main Authors: Dyer-Witheford, Nick, 1951- (Author), Mularoni, Alessandra, 1967- (Author)
Format: Book
Language:English
Published: London : Brooklyn, New York : Verso, [2025].
Subjects:

MARC

Tag First Indicator Second Indicator Subfields
LEADER 00000nam a22000008i 4500
001 in00005619081
008 240810t20252025nyu b 001 0 eng
005 20250613191402.2
010 |a  2024034806 
020 |a 9781804293638  |q (paperback) 
020 |a 1804293636 
020 |z 9781804293652  |q (US ebook) 
035 |a (OCoLC)on1463679547 
035 |a (OCoLC)1463679547 
040 |a DLC  |e rda  |c DLC  |d TXA 
050 0 0 |a HD75  |b .D94 2024 
082 0 0 |a 338.9001  |2 23/eng/20241024 
100 1 |a Dyer-Witheford, Nick,  |d 1951-  |e author. 
245 1 0 |a Cybernetic circulation complex :  |b big tech and planetary crisis /  |c Nick Dyer-Witheford and Alessandra Mularoni. 
264 1 |a London :  |a Brooklyn, New York :  |b Verso,  |c [2025]. 
264 4 |c ©2025. 
300 |a xii, 196 pages :  |b illustrations ;  |c 21 cm. 
336 |a text  |b txt  |2 rdacontent 
337 |a unmediated  |b n  |2 rdamedia 
338 |a volume  |b nc  |2 rdacarrier 
504 |a Includes bibliographical references and index. 
505 0 |a Cybernetic circulation complex -- The circulation of commodities -- The circulation of antagonisms -- Biospheric circulations -- Circulations and revolutions -- Coda: Lifeblood. 
520 |a Cybernetic Circulation Complex offers a roadmap for a new form of life, biocommunism, a digital degrowth that can help us steer between the double boundaries of ecological sustainability and equitable social development. 
650 0 |a Economic development  |x Moral and ethical aspects. 
650 0 |a Stagnation (Economics) 
650 0 |a Sustainable development  |x Moral and ethical aspects. 
650 0 |a Cybernetics. 
650 0 |a Capitalism  |x Moral and ethical aspects. 
700 1 |a Mularoni, Alessandra,  |d 1967-  |e author. 
948 |a dmitchel 6/13/25 2.10.20 
994 |a Z0  |b TXA 
999 f f |s 3215f07b-467e-44bd-b732-6c79189b0788  |i a6ff17f7-6638-455e-8d81-02e7bc506c3f  |t 0 
952 f f |p normal  |a Texas A&M University  |b College Station  |c Sterling C. Evans Library  |d Evans: Library Stacks  |t 0  |e HD75 .D94 2025  |h Library of Congress classification  |i unmediated -- volume  |m A14852710020 
998 f f |a HD75 .D94 2025  |t 0  |l Evans: Library Stacks